[Event "Master Open"]
[Site "Voronezh"]
[Date "2018.06.14"]
[Round "3.48"]
[White "Peskov, Alexsey"]
[Black "Krivtsov, Alexander"]
[Result "1/2-1/2"]
[WhiteElo "2391"]
[BlackElo "2232"]
[Annotator ""]
[Source ""]
[Remark ""]

1.d4 f5 2.g3 Nf6 3.Bg2 g6 4.c3 Bg7 5.Qb3 d5 6.Nh3 Nc6 7.Nf4 e6
8.Nd2 O-O 9.Nf3 Qd6 10.O-O b6 11.Qc2 Nd7 12.Nxe6 Qxe6 13.Ng5
Qf6 14.Bxd5+ Kh8 15.Ne6 Bb7 16.Bg5 Qf7 17.Qa4 Nxd4 18.Bxb7 Nxe6
19.Bxa8 Rxa8 20.Rad1 Ndc5 21.Qc6 Rf8 22.Be3 Be5 23.Bh6 Bg7 24.Bxg7+
Nxg7 25.b4 Nce6 26.Rd7 Qf6 27.e3 h6 28.Rfd1 Qg5 29.f4 Qg4 30.R1d2
g5 31.Re7 Rf6 32.Rdd7 Qe2 33.Qg2 Qxe3+ 34.Qf2 Qc1+ 35.Qf1 Qxc3
36.fxg5 hxg5 37.Re8+ Kh7 38.Rxe6 Rxe6 39.Qxf5+ Rg6 40.Qh3+ Rh6
41.Qf5+ Rg6 42.Qh3+ Rh6 1/2-1/2

[Event "Master Open"]
[Site "Voronezh"]
[Date "2018.06.14"]
[Round "3.49"]
[White "Nesterov, Arseniy"]
[Black "Odegov, Artem"]
[Result "1-0"]
[WhiteElo "2317"]
[BlackElo "2219"]
[Annotator ""]
[Source ""]
[Remark ""]

1.d4 d5 2.c4 c6 3.cxd5 cxd5 4.Bg5 Nc6 5.Nc3 h6 6.Bh4 g5 7.Bg3
Bg7 8.e3 Nf6 9.Bd3 O-O 10.h4 g4 11.h5 Re8 12.Nge2 e5 13.dxe5
Nxe5 14.Bc2 b5 15.Nxb5 Ba6 16.a4 Re7 17.O-O Nxh5 18.Bf5 Nxg3
19.Nxg3 Re6 20.Bxg4 Nxg4 21.Qxg4 Rg6 22.Qf3 Qf6 23.Qxf6 Bxf6
24.Nc7 Bxf1 25.Nxa8 1-0

[Event "Master Open"]
[Site "Voronezh"]
[Date "2018.06.14"]
[Round "3.50"]
[White "Konnov, Oleg"]
[Black "Bedenko, Nikita"]
[Result "1-0"]
[WhiteElo "2311"]
[BlackElo "1967"]
[Annotator ""]
[Source ""]
[Remark ""]

1.d4 Nf6 2.Nf3 e6 3.c4 d5 4.Nc3 c6 5.e3 Nbd7 6.Qc2 Be7 7.Bd3
dxc4 8.Bxc4 b5 9.Bd3 Bb7 10.a3 a5 11.e4 b4 12.Na4 c5 13.Nxc5
Bxc5 14.dxc5 Nxc5 15.Bb5+ Ncd7 16.Bg5 Qb6 17.Qa4 Ba6 18.Bc6 Rc8
19.Rc1 Bb7 20.Bxd7+ Nxd7 21.Rxc8+ Bxc8 22.O-O O-O 23.axb4 axb4
24.Be7 Re8 25.Qxb4 Ba6 26.Ra1 Bd3 27.Nd2 Rb8 28.Qxb6 Nxb6 29.Ra3
Be2 30.Rb3 Rc8 31.f3 Na4 32.Rb4 Bd1 33.Nc4 h6 34.Ne5 Rc1 35.Kf2
Bc2 36.Ke2 1-0

[Event "Master Open"]
[Site "Voronezh"]
[Date "2018.06.14"]
[Round "3.51"]
[White "Geshko, Aleksey"]
[Black "Murtazin, Ruslan"]
[Result "1/2-1/2"]
[WhiteElo "2213"]
[BlackElo "2308"]
[Annotator ""]
[Source ""]
[Remark ""]

1.e4 c5 2.Nf3 e6 3.d4 cxd4 4.Nxd4 Nc6 5.Nc3 Qc7 6.Qd3 a6 7.Nxc6
bxc6 8.Qg3 Qxg3 9.hxg3 d5 10.Na4 Rb8 11.exd5 cxd5 12.Bf4 Rb4
13.b3 e5 14.Be3 Nf6 15.f3 Rb8 16.c3 Bd6 17.g4 O-O 18.Bd3 e4 19.Bc2
Re8 20.Kd2 Bb7 21.g5 Nd7 22.Rh4 Ne5 23.Rah1 exf3 24.Rxh7 Kf8
25.Rh8+ Ke7 26.Rxe8+ Rxe8 27.gxf3 Nxf3+ 28.Kd1 d4 29.cxd4 Kd8
30.Bf2 Nxd4 31.Re1 Bf3+ 32.Kc1 Bf4+ 33.Kb2 Rxe1 34.Bxe1 Nxc2
35.Kxc2 Bxg5 36.Nc5 Be2 37.Bc3 Bh6 38.a4 Kc7 39.b4 Kc6 40.Bd2
Bxd2 41.Kxd2 Bf1 42.Ne4 Kd5 43.Ke3 Bg2 44.Nc5 Bf1 45.Ne4 f6 46.Ng3
Bc4 47.Nh5 Bb3 48.b5 a5 49.Nxg7 Bxa4 50.Nh5 f5 51.Ng3 f4+ 52.Kxf4
Bxb5 53.Ke3 Kc4 54.Ne2 Be8 55.Kd2 Kb3 56.Kc1 Bg6 57.Nd4+ Ka2
58.Nb5 Kb3 59.Nd4+ Ka4 60.Kb2 1/2-1/2

[Event "Master Open"]
[Site "Voronezh"]
[Date "2018.06.14"]
[Round "3.52"]
[White "Lysenko, Margarita"]
[Black "Egorov, Pavel"]
[Result "1/2-1/2"]
[WhiteElo "2203"]
[BlackElo "2282"]
[Annotator ""]
[Source ""]
[Remark ""]

1.d4 Nf6 2.Nf3 g6 3.g3 Bg7 4.Bg2 d5 5.O-O O-O 6.c4 Nc6 7.cxd5
Nxd5 8.e4 Nb6 9.d5 Na5 10.Qe1 Nac4 11.Nc3 e6 12.b3 Qf6 13.bxc4
Qxc3 14.Qxc3 Bxc3 15.Rb1 Nxc4 16.Bh6 Bg7 17.Bxg7 Kxg7 18.dxe6
Bxe6 19.Rxb7 Rfc8 20.Nd4 Nd6 21.Nxe6+ fxe6 22.Rb3 e5 23.Bh3 Re8
24.Bd7 Re7 25.Bc6 Rf8 26.Ra3 Nc8 27.Rc1 Rd8 28.Rc2 g5 29.Kg2
g4 30.h3 h5 31.hxg4 hxg4 32.Ra5 Rd1 33.Rac5 Nd6 34.Ba4 Rd4 35.Rxc7
Rxc7 36.Rxc7+ Kf6 37.Rxa7 Nxe4 38.Bc6 Ng5 39.Ra4 Rd2 40.Rxg4
Rxa2 41.Rc4 Rd2 42.Bf3 Rd6 43.Bg4 Rd2 44.Ra4 Rb2 45.Ra6+ Kf7
46.Ra4 Kf6 47.Ra6+ Kf7 48.Bf5 e4 49.Ra3 Kf6 50.Bg4 Ke5 51.Ra5+
Kf6 52.Kf1 Rc2 53.Rf5+ Kg6 54.Rf4 Rc5 55.Ke2 Ra5 56.Ke3 Rd5 57.Ke2
Ra5 58.Bd7 Ra2+ 59.Kf1 Ra5 60.Kg2 Rd5 61.Bc6 Re5 62.Kf1 Re6 63.Bd7
Rf6 64.Rxf6+ Kxf6 65.Ke2 Ke5 66.Ke3 Nf7 67.Ba4 Nd6 68.Bd7 Nc4+
69.Ke2 Nb6 70.Bc6 Nc4 71.Ba8 Nd6 72.Kf1 Kf5 73.Kg2 Nc4 74.Bb7
Nd6 75.Bc6 Nc4 1/2-1/2

[Event "Master Open"]
[Site "Voronezh"]
[Date "2018.06.14"]
[Round "3.53"]
[White "Stukan, Martin"]
[Black "Murzin, Volodar"]
[Result "0-1"]
[WhiteElo "2183"]
[BlackElo "2268"]
[Annotator ""]
[Source ""]
[Remark ""]

1.d4 Nf6 2.Nf3 g6 3.c4 Bg7 4.Nc3 O-O 5.e4 d6 6.Be2 Nbd7 7.O-O
e5 8.Be3 Re8 9.d5 Nc5 10.Nd2 a5 11.a3 a4 12.Bxc5 dxc5 13.Nxa4
Bf8 14.Nc3 Kg7 15.Nb3 Ng8 16.Bg4 f5 17.exf5 Nf6 18.Bh3 gxf5 19.Ne2
Ra6 20.f4 e4 21.Ng3 Kg6 22.Qe1 h5 23.Qe3 b6 24.Rad1 Ra4 25.Nd2
Bg7 26.Ne2 Ng4 27.Bxg4 hxg4 28.Qg3 Kf7 29.Nc3 Bxc3 30.Qxc3 e3
31.Qc2 Bd7 32.Nf3 gxf3 33.Rxf3 Qf6 34.Re1 Qd4 35.Rh3 e2+ 36.Kh1
Rxc4 37.Qb3 Rc1 38.d6+ c4 39.Rh7+ Kf8 0-1

[Event "Master Open"]
[Site "Voronezh"]
[Date "2018.06.14"]
[Round "3.54"]
[White "Tatarintsev, Egor"]
[Black "Parfenov, Viktor N."]
[Result "0-1"]
[WhiteElo "2125"]
[BlackElo "2247"]
[Annotator ""]
[Source ""]
[Remark ""]

1.e4 e5 2.Nf3 Nc6 3.Bb5 a6 4.Bxc6 dxc6 5.O-O Bg4 6.h3 h5 7.d3
Qf6 8.Nbd2 Ne7 9.Nc4 Bxf3 10.Qxf3 Qxf3 11.gxf3 Ng6 12.Rd1 Bd6
13.Kf1 Nf8 14.d4 exd4 15.Nxd6+ cxd6 16.Rxd4 O-O-O 17.Be3 Ne6
18.Rd3 Kc7 19.f4 g6 20.f3 f5 21.Kf2 Rhf8 22.Kg3 g5 23.exf5 gxf4+
24.Kh2 Rxf5 25.Bf2 Rg8 26.Re1 Re5 27.Rxe5 dxe5 28.Bh4 Ng5 29.Kg2
Rg6 30.c3 Nf7+ 31.Kf1 Rd6 32.Ke2 Rxd3 33.Kxd3 Kd6 34.c4 Ke6 35.Ke4
Nd6+ 36.Kd3 Kf5 37.Be7 e4+ 38.fxe4+ Nxe4 0-1

[Event "Master Open"]
[Site "Voronezh"]
[Date "2018.06.14"]
[Round "3.55"]
[White "Gasparian, Haik"]
[Black "Schepetkova, Margarita"]
[Result "1/2-1/2"]
[WhiteElo "2069"]
[BlackElo "2244"]
[Annotator ""]
[Source ""]
[Remark ""]

1.Nf3 Nf6 2.d4 e6 3.c4 Bb4+ 4.Bd2 a5 5.g3 d5 6.a3 Be7 7.Bg2 O-O
8.Qc2 b6 9.O-O Ba6 10.Ne5 Ra7 11.cxd5 exd5 12.Be3 Qd6 13.Rc1
c5 14.Nc3 Qe6 15.Qd2 Rd8 16.h3 Ne4 17.Qc2 Bf6 18.Nxe4 dxe4 19.Qxe4
Bb7 20.Qf4 Bxg2 21.Kxg2 cxd4 22.Bxd4 g5 23.Qe3 Rxd4 24.Qxd4 Rd7
25.Rc8+ Kg7 26.Qg4 Qxe5 27.Rxb8 Rd4 28.Qc8 Rd8 29.Qxd8 Bxd8 30.Rxd8
Qxb2 31.Rdd1 Qxe2 32.Re1 Qd3 33.Re3 Qd5+ 34.Kg1 a4 35.Rb1 b5
36.Rb4 h6 37.h4 Kg6 38.hxg5 hxg5 39.g4 f6 40.Kh2 Qd6+ 1/2-1/2

[Event "Master Open"]
[Site "Voronezh"]
[Date "2018.06.14"]
[Round "3.56"]
[White "Nazaretyan, Tigran"]
[Black "Grachev, Alexey"]
[Result "1-0"]
[WhiteElo "2300"]
[BlackElo "2203"]
[Annotator ""]
[Source ""]
[Remark ""]

1.d4 d5 2.c4 c6 3.Nf3 Nf6 4.Qc2 g6 5.Bf4 Bg7 6.e3 O-O 7.Nc3 b6
8.Be2 Bb7 9.O-O dxc4 10.Bxc4 Nbd7 11.Rfd1 Nd5 12.Bg3 e6 13.Ne4
N7f6 14.Nd6 Qd7 15.e4 Ne7 16.Nxf7 Rxf7 17.Ne5 Qc8 18.Qb3 Nfd5
19.Nxf7 Kxf7 20.exd5 cxd5 21.Bb5 Bc6 22.Rac1 Qb7 23.Bd6 Rc8 24.Bxe7
Bxb5 25.Rxc8 Qxc8 26.Bg5 Qd7 27.Qf3+ Ke8 28.Qf4 Bc4 29.Rc1 Bf8
30.b3 Bd6 31.Qf6 1-0

[Event "Master Open"]
[Site "Voronezh"]
[Date "2018.06.14"]
[Round "3.57"]
[White "Chapurin, Alexey"]
[Black "Yakimenko, Alexander"]
[Result "1-0"]
[WhiteElo "2282"]
[BlackElo "2170"]
[Annotator ""]
[Source ""]
[Remark ""]

1.d4 e6 2.Bf4 Nf6 3.e3 d5 4.Nf3 Nh5 5.Bg5 Be7 6.Bxe7 Qxe7 7.Ne5
g6 8.Be2 Ng7 9.Nd2 Nd7 10.O-O Nxe5 11.dxe5 Bd7 12.c4 c6 13.Qb3
Rb8 14.Rac1 O-O 15.e4 Rfd8 16.Rfd1 b6 17.Qe3 Be8 18.Nf3 dxc4
19.Qh6 Rxd1+ 20.Rxd1 Rd8 21.Rf1 Qc5 22.Ng5 Qxe5 23.Qxh7+ Kf8
24.Qh4 Rd2 25.Nh7+ Kg8 26.Nf6+ Kf8 27.Qh8+ Ke7 28.Nxe8 Qxb2 29.Nxg7
Rxe2 30.Qc8 Kf6 31.Qf8 Rxe4 32.Ne8+ Kg5 33.Qxf7 Qe5 34.Qe7+ Kh6
35.Nd6 Rf4 36.Nf7+ Rxf7 37.Qxf7 1-0

[Event "Master Open"]
[Site "Voronezh"]
[Date "2018.06.14"]
[Round "3.59"]
[White "Shaydullina, Sandugach"]
[Black "Najdin, Danil"]
[Result "0-1"]
[WhiteElo "2198"]
[BlackElo "2250"]
[Annotator ""]
[Source ""]
[Remark ""]

1.d4 Nf6 2.c4 g6 3.Nf3 Bg7 4.g3 O-O 5.Bg2 d6 6.O-O Nc6 7.Nc3
Bf5 8.b3 e5 9.d5 Ne7 10.Ne1 Qd7 11.e4 Bh3 12.Nd3 h5 13.f3 Bxg2
14.Kxg2 Nh7 15.Be3 f5 16.Qd2 f4 17.gxf4 exf4 18.Nxf4 Ng5 19.h4
Rxf4 20.hxg5 Rh4 21.Rh1 Rg4+ 22.Kf2 Rf8 23.Ke2 Rg2+ 24.Bf2 Rxf3
25.Kxf3 Qg4+ 26.Ke3 Qxg5+ 27.Kd3 Qxd2+ 28.Kxd2 Rxf2+ 29.Ke3 Rg2
30.Nb5 Bxa1 31.Rxa1 h4 32.c5 dxc5 33.Nxc7 h3 34.Rh1 h2 35.Ne6
Kf7 36.Nd8+ Kf6 37.Nxb7 Ke5 38.Nxc5 Rg3+ 39.Ke2 Rc3 40.b4 g5
41.Kf1 Rc2 42.Nd3+ Kxe4 43.d6 Nc6 44.b5 Nd8 45.Nb4 Rb2 46.Nc6
Kf3 47.Ne5+ Kg3 48.Nd3 Rxa2 49.Nc1 Ra1 50.Ke2 Kg2 51.Rxh2+ Kxh2
52.Nb3 Ra2+ 53.Ke1 g4 0-1

[Event "Master Open"]
[Site "Voronezh"]
[Date "2018.06.14"]
[Round "3.60"]
[White "Klimentov, Roman"]
[Black "Kovalenko, Sergey"]
[Result "0-1"]
[WhiteElo "2180"]
[BlackElo "2237"]
[Annotator ""]
[Source ""]
[Remark ""]

1.e4 e5 2.Nf3 Nc6 3.Bb5 Nf6 4.d3 Bc5 5.c3 Qe7 6.O-O a6 7.Ba4
b5 8.Bc2 d6 9.a4 Rb8 10.axb5 axb5 11.h3 O-O 12.d4 exd4 13.cxd4
Bb6 14.Nc3 Nb4 15.Bb1 c5 16.Bf4 Bb7 17.Nxb5 Nxe4 18.Bxe4 Qxe4
19.Bxd6 Rbd8 20.Bxf8 Kxf8 21.Nc3 Qg6 22.d5 Nxd5 23.Nh4 Qf6 24.Nxd5
Rxd5 25.Qb3 Rd4 26.Qg3 Rf4 27.Nf3 Bc7 28.Ra7 Qb6 29.Rfa1 Ra4
30.Qg5 Qxa7 31.Re1 Re4 0-1

[Event "Master Open"]
[Site "Voronezh"]
[Date "2018.06.14"]
[Round "3.61"]
[White "Perov, German"]
[Black "Martynyuk, Elizaveta"]
[Result "1-0"]
[WhiteElo "2159"]
[BlackElo "2229"]
[Annotator ""]
[Source ""]
[Remark ""]

1.e4 c5 2.d4 cxd4 3.c3 dxc3 4.Nxc3 Nc6 5.Nf3 e6 6.Bc4 a6 7.O-O
Nge7 8.Bg5 h6 9.Be3 b5 10.Bb3 Bb7 11.Re1 Na5 12.Ne5 Nxb3 13.Bb6
Qc8 14.Qf3 Nf5 15.axb3 Bd6 16.Qg4 Bxe5 17.exf5 Bf6 18.Bd4 Bxd4
19.Qxd4 O-O 20.f6 g6 21.Qf4 Kh7 22.Re3 Rg8 23.Rh3 g5 24.Qd4 Rg6
25.Rd1 Bc6 26.f4 gxf4 27.Qxf4 Rxg2+ 28.Kf1 Rg6 29.Ne4 Bxe4 30.Qxe4
Kh8 31.Qf4 Kh7 32.Qe4 Kg8 33.Rg3 Qe8 34.Rd4 Rc8 35.Qd3 Rc1+ 36.Kf2
d5 37.Rh4 e5 38.Rxh6 e4 39.Rgxg6+ 1-0

[Event "Master Open"]
[Site "Voronezh"]
[Date "2018.06.14"]
[Round "3.62"]
[White "Mendonca, Leon Luke"]
[Black "Pokhvalit, Alexander"]
[Result "1-0"]
[WhiteElo "2228"]
[BlackElo "2087"]
[Annotator ""]
[Source ""]
[Remark ""]

1.d4 d5 2.c4 dxc4 3.Nf3 Nf6 4.g3 c5 5.Bg2 Nc6 6.Qa4 Qa5+ 7.Qxa5
Nxa5 8.dxc5 e6 9.Bd2 Nc6 10.Na3 Bxc5 11.Nxc4 Ne4 12.O-O Nxd2
13.Nfxd2 Be7 14.Nb3 Nb4 15.Rfd1 O-O 16.Rac1 Bf6 17.a3 Nd5 18.e4
Nb6 19.e5 Nxc4 20.exf6 Nxb2 21.Rd6 Rb8 22.fxg7 Kxg7 23.Rc7 Kf6
24.Nc5 b6 25.Ne4+ Kg6 26.Rxa7 Nc4 27.Rc6 Na5 28.Rcc7 e5 29.Nc3
Be6 30.Bd5 Rbc8 31.Bxe6 Rxc7 32.Rxc7 fxe6 33.Ne4 Ra8 34.g4 Nb3
35.Rc6 b5 36.Rxe6+ Kg7 37.Rxe5 Nd4 38.Rd5 Ne2+ 39.Kf1 Nf4 40.Rf5
Nd3 41.Rg5+ Kh8 42.Rxb5 Rxa3 43.Rf5 Ra4 44.f3 Ra2 45.h4 Kg7 46.h5
h6 47.Nc5 Nb4 48.Ne6+ Kg8 49.Rf8+ Kh7 50.Rf7+ Kg8 51.Rg7+ Kh8
52.Rg6 Kh7 53.Nf8+ Kh8 54.Nd7 Nd3 55.Rxh6+ Kg7 56.Rg6+ Kf7 57.Kg1
Ke7 58.Rg7+ Kd6 59.h6 Ne1 60.h7 Nxf3+ 61.Kf1 Nh2+ 62.Ke1 Nf3+
63.Kd1 Rd2+ 64.Kc1 Rh2 65.Nf6 Rh6 66.Rg8 Ke6 67.h8Q Rxh8 68.Rxh8 1-0

[Event "Master Open"]
[Site "Voronezh"]
[Date "2018.06.14"]
[Round "3.63"]
[White "Tsvetkov, Andrey"]
[Black "Afanasieva, Alexandra"]
[Result "1-0"]
[WhiteElo "2220"]
[BlackElo "2069"]
[Annotator ""]
[Source ""]
[Remark ""]

1.d4 Nf6 2.c4 e6 3.Nc3 Bb4 4.e3 O-O 5.Bd3 d5 6.cxd5 exd5 7.Nge2
Re8 8.O-O Bd6 9.Bd2 a6 10.a3 Nbd7 11.b4 b6 12.Qb3 Nf8 13.Kh1
Be6 14.Qc2 Ng4 15.f4 Bd7 16.Rf3 Qh4 17.h3 Nf6 18.f5 c6 19.Be1
Qh6 20.e4 dxe4 21.Nxe4 Nxe4 22.Bxe4 Qf6 23.Bc3 Qh4 24.Bd3 c5
25.dxc5 bxc5 26.bxc5 Bc6 27.Nd4 Bxf3 28.Nxf3 Qg3 29.cxd6 Qxd6
30.Bb4 Qg3 31.Bc4 Rec8 32.Qe4 Ra7 33.Ne5 Rcc7 34.Rd1 Qg5 35.Bd6
Qd8 36.Bb3 Rd7 37.Nxd7 Rxd7 38.Qc4 h5 39.Qxa6 Nh7 40.Ba4 1-0

[Event "Master Open"]
[Site "Voronezh"]
[Date "2018.06.14"]
[Round "3.64"]
[White "Lingur, Zalina"]
[Black "Davydov, Sergey P."]
[Result "0-1"]
[WhiteElo "2101"]
[BlackElo "2213"]
[Annotator ""]
[Source ""]
[Remark ""]

1.e4 c5 2.Nf3 d6 3.d4 cxd4 4.Nxd4 Nf6 5.Nc3 a6 6.Bg5 e6 7.f4
Nbd7 8.Qf3 Qc7 9.O-O-O Be7 10.Be2 b5 11.a3 Bb7 12.Bxf6 Nxf6 13.g4
d5 14.e5 Ne4 15.Nxe4 dxe4 16.Qg3 Rc8 17.Kb1 b4 18.axb4 Bxb4 19.Qb3
Qb6 20.Nb5 O-O 21.Nd6 Rc7 22.c3 Bc5 23.Qxb6 Bxb6 24.Nxb7 Rxb7
25.Bxa6 Ra7 26.Be2 Be3 27.Rhf1 Rb8 28.b4 Rba8 29.Bc4 Rc7 30.Rde1
Bd2 31.Rxe4 Bxc3 32.b5 Ra4 33.Bd3 Ra1+ 34.Kc2 Ra2+ 35.Kb3 Rb2+
36.Ka3 Rd2 37.Bc4 Bd4 38.Rxd4 Rxd4 39.Be2 Rc3+ 40.Kb2 Re3 41.Bd1
Rb4+ 42.Kc1 Rxb5 43.Kd2 Ra3 44.Rf2 Rb2+ 45.Ke1 Rxf2 46.Kxf2 h6
47.h4 Kf8 48.h5 Ke7 49.g5 hxg5 50.fxg5 Ra5 51.Kg3 Rxe5 52.Kg4
f6 0-1

[Event "Master Open"]
[Site "Voronezh"]
[Date "2018.06.14"]
[Round "3.65"]
[White "Shoboev, Dandar"]
[Black "Medzinovskiy, Petr"]
[Result "1-0"]
[WhiteElo "2091"]
[BlackElo "2213"]
[Annotator ""]
[Source ""]
[Remark ""]

1.d4 e6 2.Nf3 c5 3.c3 Nc6 4.Bf4 Qb6 5.Qd2 cxd4 6.cxd4 d5 7.Nc3
Nf6 8.e3 Ne4 9.Qc2 Bd7 10.a3 Rc8 11.Bd3 f5 12.O-O Be7 13.Bxe4
fxe4 14.Ne5 Nxe5 15.Bxe5 Bb5 16.Rfc1 O-O 17.Qd1 Be8 18.Nxd5 exd5
19.Rxc8 Qxb2 20.Rc2 Qb3 21.Rc7 Qxd1+ 22.Rxd1 Rf7 23.Rxb7 a5 24.Rb8
Rf8 25.Ra1 Ba4 26.Rxf8+ Kxf8 27.Bc7 1-0

[Event "Master Open"]
[Site "Voronezh"]
[Date "2018.06.14"]
[Round "3.1"]
[White "Demidov, Mikhail"]
[Black "Popov, Ivan"]
[Result "1/2-1/2"]
[WhiteElo "2513"]
[BlackElo "2608"]
[Annotator ""]
[Source ""]
[Remark ""]

1.d4 d5 2.c4 dxc4 3.e3 Nf6 4.Bxc4 c5 5.Nf3 cxd4 6.exd4 g6 7.Qb3
e6 8.Nc3 Bg7 9.O-O O-O 10.d5 exd5 11.Nxd5 Nc6 12.Rd1 Nxd5 13.Bxd5
Qb6 14.Qxb6 axb6 15.Be3 Nb4 16.Bb3 Bxb2 17.Rab1 Bg7 18.Bxf7+
Rxf7 19.Rxb4 Rxa2 20.Rxb6 Bg4 21.Rd8+ Rf8 22.Rd1 Rf7 23.Rd8+
Rf8 24.Rd1 Rb2 25.Rxb2 Bxb2 26.Rb1 Ra8 27.h3 Bxf3 28.Rxb2 Bc6
29.Kh2 Kf7 30.g4 b5 31.Kg3 Ra4 32.Rc2 Rc4 33.Rxc4 bxc4 34.Bd4
h5 35.Kf4 hxg4 36.hxg4 Ke6 37.Bc3 Ba8 38.Kg5 Kf7 39.f4 Be4 40.f5
gxf5 1/2-1/2

[Event "Master Open"]
[Site "Voronezh"]
[Date "2018.06.14"]
[Round "3.2"]
[White "Potapov, Pavel"]
[Black "Tiviakov, Sergei"]
[Result "1-0"]
[WhiteElo "2491"]
[BlackElo "2580"]
[Annotator ""]
[Source ""]
[Remark ""]

1.e4 d5 2.exd5 Qxd5 3.Nc3 Qd6 4.d4 Nf6 5.Nf3 c6 6.h3 g6 7.Bd3
Bg7 8.O-O O-O 9.Re1 e6 10.a4 a5 11.Bg5 Nbd7 12.Qd2 b6 13.Bf4
Qe7 14.Ne5 Nxe5 15.Bxe5 Ba6 16.Be4 Rac8 17.Qf4 Qd8 18.Bf3 Bc4
19.Qg3 Qd7 20.Rad1 Rfd8 21.h4 Qe7 22.h5 Ne8 23.b3 Bd5 24.Be2
Bxe5 25.Qxe5 Qf6 26.Bd3 Kg7 27.Qg3 Nd6 28.Re5 Rd7 29.Ne2 Nf5
30.Bxf5 exf5 31.Nf4 g5 32.h6+ Kh8 33.Nxd5 Rxd5 34.Rde1 Rdd8 35.Qh3
g4 36.Qh5 g3 37.fxg3 Rg8 38.Qh4 Qxh4 39.gxh4 Rcd8 40.Rxf5 Rxd4
41.Rxf7 Rxh4 42.Re6 Rhg4 43.Ree7 Rxg2+ 44.Kf1 Rg1+ 45.Ke2 R8g2+
46.Kd3 Rg3+ 47.Kd2 R1g2+ 48.Kc1 Rh3 49.Rxh7+ Kg8 50.Reg7+ Rxg7
51.Rxg7+ Kh8 52.Rb7 b5 53.axb5 cxb5 54.Rxb5 a4 55.bxa4 Rxh6 56.Rg5 1-0

[Event "Master Open"]
[Site "Voronezh"]
[Date "2018.06.14"]
[Round "3.3"]
[White "Kabanov, Nikolai"]
[Black "Chigaev, Maksim"]
[Result "1/2-1/2"]
[WhiteElo "2468"]
[BlackElo "2577"]
[Annotator ""]
[Source ""]
[Remark ""]

1.e4 g6 2.d4 Bg7 3.Nc3 d6 4.g3 Nc6 5.d5 Nd4 6.Be3 c5 7.Bg2 Qb6
8.Rb1 Nf6 9.h3 O-O 10.Nge2 Nxe2 11.Qxe2 Qa6 12.O-O Qxe2 13.Nxe2
Nd7 14.Rfe1 b5 15.b4 a6 16.a3 cxb4 17.axb4 Ne5 18.Bd4 Bb7 19.f4
Nc4 20.Bxg7 Kxg7 21.Nd4 Nb6 22.Rbd1 Rac8 23.Re3 Rc4 24.c3 Rfc8
25.Ne2 R4c7 26.g4 Na4 27.Rdd3 Nb2 28.Rd4 Nc4 29.Rg3 h6 30.g5
hxg5 31.Rxg5 Rh8 32.Rd3 Rh4 33.Rdg3 Kf6 34.Kf2 Rc8 35.R3g4 Rxg4
36.Rxg4 Rh8 37.Nc1 Bc8 38.Rg3 Bd7 39.Nd3 Rh4 40.Ke2 Kg7 41.Kf3
f5 42.Ke2 fxe4 43.Bxe4 Rxh3 44.Rxh3 Bxh3 45.Nf2 Bf5 46.Bf3 Bc8
47.Kd3 Kf6 48.Kd4 Bb7 49.Bg4 Kg7 50.Nd1 Nb6 51.Ne3 Bc8 52.Be2
Bd7 53.Bd1 Kf6 54.Bc2 g5 55.fxg5+ Kxg5 56.Ke4 Be8 57.Bb3 Bg6+
58.Kd4 Be8 59.Ke4 Bd7 60.Bd1 Bc8 61.Be2 Nd7 62.c4 bxc4 63.Bxc4
Ne5 64.Be2 1/2-1/2

[Event "Master Open"]
[Site "Voronezh"]
[Date "2018.06.14"]
[Round "3.4"]
[White "Bocharov, Dmitry"]
[Black "Triapishko, Alexandr"]
[Result "1/2-1/2"]
[WhiteElo "2576"]
[BlackElo "2513"]
[Annotator ""]
[Source ""]
[Remark ""]

1.Nf3 Nf6 2.g3 g6 3.b3 b6 4.Bb2 Bg7 5.d4 Bb7 6.Bg2 O-O 7.c4 c5
8.O-O cxd4 9.Qxd4 Nc6 10.Qf4 d5 11.Rd1 Qb8 12.Qxb8 Raxb8 13.cxd5
Nb4 14.Nc3 Ne4 15.Nd4 Nxc3 16.Bxc3 Nxd5 17.Bb2 Nb4 18.Rd2 Bxg2
19.Kxg2 Rfc8 20.a4 Nd5 21.Rad1 e6 22.e3 a6 23.Ne2 Bxb2 24.Rxb2
Nc3 25.Nxc3 Rxc3 26.Rd7 b5 27.a5 Rbc8 28.Rd6 R8c6 29.Rbd2 b4
30.Rxc6 Rxc6 31.Rd4 Rc5 32.Rxb4 Rxa5 33.Rb6 Kg7 34.b4 Ra2 35.b5
axb5 36.Rxb5 h5 37.h3 Kf6 38.g4 hxg4 39.hxg4 g5 40.Kf3 Kg6 41.Ke4 1/2-1/2

[Event "Master Open"]
[Site "Voronezh"]
[Date "2018.06.14"]
[Round "3.5"]
[White "Akash Pc, Iyer"]
[Black "Savchenko, Boris"]
[Result "1-0"]
[WhiteElo "2435"]
[BlackElo "2565"]
[Annotator ""]
[Source ""]
[Remark ""]

1.c4 e5 2.Nc3 Nf6 3.g3 d5 4.cxd5 Nxd5 5.Bg2 Nb6 6.Nf3 Nc6 7.O-O
Be7 8.a3 O-O 9.b4 Be6 10.Rb1 f6 11.d3 a6 12.Bb2 Qc8 13.Ne4 Rd8
14.Qc2 Rd5 15.Nc3 Rd7 16.Rfd1 Qf8 17.Ne4 Qf7 18.Nfd2 Nc8 19.Ba1
Bd5 20.Nb3 b6 21.d4 N8a7 22.dxe5 Nxe5 23.Bxe5 fxe5 24.Nc3 Bxb3
25.Rxb3 Rad8 26.Rxd7 Rxd7 27.Be4 g6 28.Bd3 b5 29.Ne4 c6 30.Rc3
Qe6 31.Qc1 Kg7 32.Bc2 Rd4 33.Bb3 Qg4 34.Rf3 Qxe4 35.Rf7+ Kh8
36.Rxe7 c5 37.Rxa7 Qxe2 38.Qg5 Qe1+ 39.Kg2 1-0

[Event "Master Open"]
[Site "Voronezh"]
[Date "2018.06.14"]
[Round "3.6"]
[White "Dzhumaev, Marat"]
[Black "Iljiushenok, Ilia"]
[Result "0-1"]
[WhiteElo "2434"]
[BlackElo "2530"]
[Annotator ""]
[Source ""]
[Remark ""]

1.e4 c5 2.Nf3 e6 3.d4 cxd4 4.Nxd4 Nc6 5.Nc3 Qc7 6.g3 a6 7.Bg2
Nf6 8.O-O h5 9.Nxc6 dxc6 10.e5 Qxe5 11.Bf4 Qa5 12.Re1 Be7 13.Re5
c5 14.Qd2 Bd7 15.Bxb7 Rb8 16.Bf3 Rxb2 17.Rd1 Qb6 18.Rg5 Bc6 19.Bxc6+
Qxc6 20.Be5 h4 21.Rxg7 Rb4 22.a3 hxg3 23.Rxg3 Rxh2 24.Nd5 Qxd5
25.Qxd5 Nxd5 26.Kxh2 Re4 27.Rg8+ Kd7 28.Bg3 f5 29.Rh8 c4 30.Kg1
Bc5 31.Rb1 f4 32.Bh4 f3 33.Bg3 Re2 34.Rh7+ Kc6 35.Rf7 Rxc2 36.Rxf3
c3 37.Be5 a5 38.Rb8 a4 39.Rc8+ Kb5 40.Kg2 Ne3+ 41.Kh3 Nd1 42.Rf7
Nxf2+ 43.Kh4 Nd3 44.Rfc7 Rc1 45.Rb7+ Kc4 46.Bd6 c2 47.Bxc5 Nxc5
48.Rbc7 Rh1+ 49.Kg4 Rg1+ 50.Kh4 Rg5 0-1

[Event "Master Open"]
[Site "Voronezh"]
[Date "2018.06.14"]
[Round "3.7"]
[White "Tsydypov, Zhamsaran"]
[Black "Afanasiev, Nikita"]
[Result "1/2-1/2"]
[WhiteElo "2522"]
[BlackElo "2460"]
[Annotator ""]
[Source ""]
[Remark ""]

1.e4 d5 2.exd5 Qxd5 3.Nc3 Qd6 4.Nf3 g6 5.d4 Nf6 6.Nb5 Qb6 7.c4
c6 8.Nc3 Bg7 9.Be2 Bg4 10.a3 O-O 11.Be3 Nbd7 12.O-O Rfd8 13.h3
Bxf3 14.Bxf3 Qc7 15.Rc1 Rac8 16.Qb3 Qb8 17.Rfd1 a6 18.a4 Ne8
19.Re1 Nd6 20.g4 b5 21.axb5 axb5 22.cxb5 Nxb5 23.Nxb5 Qxb5 24.Qxb5
cxb5 25.Rxc8 Rxc8 26.Ra1 e6 27.Ra7 Rd8 28.Rb7 Nf8 29.Rxb5 Bxd4
30.g5 Bxe3 31.fxe3 h6 32.gxh6 Kh7 33.Rb7 Nd7 34.b4 Ne5 35.Be2
Rd2 36.Kf1 Rb2 37.Rb5 Nc6 38.Rb7 Ne5 39.Rb5 Nc6 40.Rb7 Ne5 1/2-1/2

[Event "Master Open"]
[Site "Voronezh"]
[Date "2018.06.14"]
[Round "3.8"]
[White "Ponkratov, Pavel"]
[Black "Sindarov, Javokhir"]
[Result "0-1"]
[WhiteElo "2622"]
[BlackElo "2449"]
[Annotator ""]
[Source ""]
[Remark ""]

1.e4 e5 2.Bc4 Nf6 3.d3 Nc6 4.Nf3 Bc5 5.c3 a6 6.Nbd2 Ba7 7.a4
O-O 8.O-O d6 9.Re1 Ng4 10.Re2 Kh8 11.b4 f5 12.Ba2 Ne7 13.d4 Ng6
14.h3 Nf4 15.exf5 Nxe2+ 16.Qxe2 Nh6 17.g4 exd4 18.cxd4 Nxf5 19.gxf5
Bxf5 20.Bb2 Qf6 21.Re1 Qg6+ 22.Kh2 Qh6 23.Qf1 Bg4 24.Re3 Rae8
25.Rxe8 Rxe8 26.Kg3 Bxf3 27.Nxf3 Qg6+ 28.Kh2 Qc2 29.Kg3 Qxb2
30.Qc4 Rf8 0-1

[Event "Master Open"]
[Site "Voronezh"]
[Date "2018.06.14"]
[Round "3.9"]
[White "Mammadzada, Gunay"]
[Black "Maghsoodloo, Parham"]
[Result "0-1"]
[WhiteElo "2442"]
[BlackElo "2638"]
[Annotator ""]
[Source ""]
[Remark ""]

1.e4 g6 2.d4 Bg7 3.Nc3 d6 4.Be3 a6 5.Qd2 b5 6.h4 h5 7.f3 Nd7
8.O-O-O Bb7 9.Nh3 Ngf6 10.Kb1 e6 11.Ng5 Qe7 12.Ne2 c5 13.c3 e5
14.Nc1 exd4 15.cxd4 O-O 16.Nb3 Rad8 17.Na5 Ba8 18.Bd3 Rfe8 19.Rhe1
Nb6 20.Bc2 Qc7 21.dxc5 dxc5 22.Bf4 Qc8 23.Qf2 Rxd1+ 24.Rxd1 Nbd7
25.Qg3 Nh7 26.Qh3 Nxg5 27.Bxg5 Re6 28.g4 hxg4 29.Qxg4 Qc7 30.h5
gxh5 31.Qf5 Nf8 32.Bd8 Qg3 33.Qxh5 Rh6 34.Qf5 Rh2 35.Bf6 Qg2
36.Rc1 Bh6 37.f4 Ne6 38.Be5 c4 39.Qf6 Bf8 40.Bd4 Bxe4 41.Rg1
Rh1 0-1

[Event "Master Open"]
[Site "Voronezh"]
[Date "2018.06.14"]
[Round "3.10"]
[White "Kokarev, Dmitry"]
[Black "Domogaev, Sergey"]
[Result "1/2-1/2"]
[WhiteElo "2603"]
[BlackElo "2433"]
[Annotator ""]
[Source ""]
[Remark ""]

1.c4 Nf6 2.g3 e6 3.Bg2 d5 4.Nf3 Be7 5.O-O O-O 6.cxd5 exd5 7.b3
c6 8.Bb2 a5 9.a3 Bf5 10.d3 Re8 11.Nbd2 Bc5 12.Qc2 Nbd7 13.Nh4
Be6 14.e3 Rc8 15.h3 b5 16.e4 Qb6 17.Ndf3 h6 18.e5 Nh7 19.d4 Bf8
20.Nh2 c5 21.Qd2 cxd4 22.N4f3 Bf5 23.Qxd4 Bc5 24.Qxd5 Rcd8 25.Rac1
Be6 26.Qd3 Nxe5 27.Qc3 Nxf3+ 28.Nxf3 Bf8 29.Rfd1 Nf6 30.Nd4 b4
31.axb4 Bxb4 32.Qc6 Rd6 33.Qxb6 Rxb6 34.Nxe6 Rbxe6 35.Bf3 Ne4
36.Rc2 Nc5 37.Bd5 Re2 38.Rxe2 Rxe2 39.Bd4 Re8 40.Kg2 Ne6 41.Be3
Rd8 42.Bf3 Rxd1 43.Bxd1 Kf8 44.Kf3 Ke7 45.Ke2 Kd6 46.Bc1 h5 47.Kd3
Bc5 48.Bxh5 g6 49.Bd1 Bxf2 50.g4 Ke5 51.Bd2 Nf4+ 52.Kc4 Nxh3
53.Bxa5 Ng5 54.b4 Ne4 55.Bc7+ Nd6+ 56.Kd3 Ke6 57.g5 Bh4 58.Bd8
Be1 59.Bg4+ Kd5 60.Ba5 Ke5 61.Bd7 Kf4 62.Bc7 Bxb4 63.Be8 Kxg5
64.Bxd6 Bxd6 65.Bxf7 Kf6 66.Bxg6 Kxg6 67.Ke4 1/2-1/2